000 00584cam a2200217 4500
001 D7710
008 090401t1983 xxu||||| |||| 00| 0 eng d
035 _a(Sirsi) u8939
041 _aeng
050 _a624.1513
100 _aPadfield, C.J.
245 _aSettlement of structures on clay soils
260 _aLondon
_bConstruction Industry Research and Infor
_c1983
300 _a132p. 30cm
350 _a18
490 _aCIRIA Special Publication
_v27
490 _aPSA Civil Engineering Technical Guide
_v38
700 _aSharrock, M.J.
942 _n0
948 _c04/03/1997
999 _c86579
_d86579